| 000 | 00970nam a22003377a 4500 | ||
|---|---|---|---|
| 001 | BR2012009923 | ||
| 003 | BR-BrBNA | ||
| 005 | 20230928104113.0 | ||
| 007 | ta | ||
| 008 | 230509b bl.||||| |||| 00| 0 por d | ||
| 040 |
_aBR-BrBNA _bpor _cBiblioteca Nacional de Agricultura |
||
| 041 | _a(Por) | ||
| 072 | _aF40 | ||
| 090 | _ F40 BR2012009923 | ||
| 110 | 1 |
_aInstituto Capixaba de Pesquisa, Assistência e Extensão Rural, Vitória, ES (Brasil) _95948 |
|
| 245 | 1 |
_aAgroecologia vida digna no campo _bSérie Meio Ambiente 03 |
|
| 250 | 1 | _a2. ed. | |
| 260 | 3 |
_aVitória, ES (Brasil): _c2007. |
|
| 300 | _a10 p. | ||
| 500 | _a9 illus | ||
| 650 | _aECOLOGIA VEGETAL | ||
| 650 | _aCONSERVAÇÃO DO SOLO | ||
| 650 | _aDIVERSIFICAÇÃO DE CULTURA | ||
| 650 | _aBIOFERTILIZANTE | ||
| 650 | _aINSETICIDA | ||
| 650 | _aCOMPOSTO ORGÂNICO | ||
| 650 | _aADUBO VERDE | ||
| 650 | _aAZADIRACHTA INDICA | ||
| 909 |
_a202309 _bLucia _c55 _dLucia Elande |
||
| 942 | _cBK | ||
| 999 |
_c78145 _d78145 |
||